| 000 | 01086cam a2200241 4500 | ||
|---|---|---|---|
| 001 | WB3733-02 | ||
| 008 | 010906n2001 000 0 eng u | ||
| 035 | _a(Sirsi) u114469 | ||
| 245 | _aConstructionline short of target | ||
| 260 | _c2001 | ||
| 490 |
_aContract Journal _v410(6343) 5 September 2001, 1(1) |
||
| 520 | _aGovernment-backed Constructionline's register falls 50% behind its target of 25,000 registered firms, as disenchanted contractors fail to sign up. Latest figures from the Capita Group show 10,000 registered firms and consultants - a figure which still falls short of a revised target of 20,000 issued Autumn 2000. The National Specialist Contractors Council voice concerns that existing Constructionline firms will not continue to register because they are not getting work from it. | ||
| 590 | _aWB | ||
| 600 | _aASSESSMENT | ||
| 650 | _aCONSTRUCTIONLINE | ||
| 650 | _aCONSTRUCTION INDUSTRY | ||
| 650 | _aAPPROVED CONTRACTORS | ||
| 650 | _aCONSULTANTS | ||
| 650 | _aFIRMS | ||
| 650 | _aProcurement-old | ||
| 690 | _aBUILT ENVIRONMENT | ||
| 942 | _n0 | ||
| 999 |
_c68188 _d68188 |
||